000 01260nam0a22003011 4500
001 rc\4643063
005 20250612140933.0
021 _aRU
_b[57-36349]
035 _a(NLR Aleph) 008686580
090 _a9212232
_c9212232
100 _a20130416d1957 |||y0rusy50 ca
101 0 _arus
102 _aRU
105 _aa z |||c|
200 1 _aБрестская крепость
_eКраткий очерк героич. обороны 1941 г.
210 _aМосква
_cВоениздат
_d1957
215 _a167 с.
_cил.
_d17
225 1 _aБиблиотека солдата и матроса
300 _aРасшир. и доп. изд. книги "Крепость на границе" (Изд-во ДОСААФ, 1956)
606 _aВеликая Отечественная война 1941-1945 гг.
_yБрестская область
_2psbo
606 _aПограничники в Великой Отечественной войне 1941-1945 гг.
_2psbo
606 _aБрестская крепость, оборона 1941 г.
_2psbo
700 1 _aСмирнов
_bС.С.
_f1915-1976
_gСергей Сергеевич
801 0 _aRU
_bNLR
_gpsbo
801 1 _aRU
_bELAR
_2rusmarc
852 _aNLR
_j57-2/1370
942 _cBOOK
980 _aNB